| 000 | 00909nam a2200229 a 4500 | ||
|---|---|---|---|
| 001 | 40328 | ||
| 003 | BD-RjUL | ||
| 005 | 20211209053207.0 | ||
| 008 | 160428s2007 ii a|||| |||| 00| 0 ben d | ||
| 020 |
_a8187624388 _c: IRs 300.00 |
||
| 035 | _a(BD-RjUL)40443 | ||
| 040 |
_aBD-RjUL _bben _cBD-RjUL |
||
| 041 | _aben | ||
| 082 |
_223 _a809.293581 _bJUD 2007 |
||
| 245 | 0 | 0 |
_aযুদ্ধ ও থিয়েটার / _cরথীন চক্রবর্তী সম্পাদনা |
| 260 |
_aকলিকাতা : _bনাট্যচিন্তা ফাউণ্ডেশন, _c২০০৭ |
||
| 300 |
_a৩৬২ পৃ. : _bচিত্র ; _c২৩ সেমি. |
||
| 650 |
_a War and Theater. _9124246 |
||
| 650 |
_aযুদ্ধ ও থিয়েটার _9124247 |
||
| 700 |
_aচক্রবর্তী, রথীন, সম্পাদনা _9124248 |
||
| 942 |
_2ddc _cBK |
||
| 999 |
_c40328 _d40328 |
||